000 00513nam a2200181Ia 4500
008 090124s9999 xx 000 0 und d
082 _b122799
100 _aताम्हणकर अरूण
245 _a टिकए् बंधन
250 _a1
260 _c1988
300 _a151
600 _aताम्हणकर अरूण
630 _a टिकए् बंधन
700 _aताम्हणकर अरूण
730 _a टिकए् बंधन
942 _cBOOK
999 _c168885
_d168885